000 00345 a2200169 4500
001 186158
020 _a85-08-03964-6
040 _cMagnum
100 _aMarques, Amadeu
240 1 0 _aThe final test
_lpor
245 1 0 _aThe final test
300 _a32
362 0 _a1995
440 1 _aÁtica
697 _aLITERATURA INGLESA
942 _cBK
999 _c186158
_d186158